00404nam a2200133Ia 4500003000400000008004100004020002300045040000800068100002800076245010900104260003000213300001500243365001200258LDD181029s9999 xx 000 0 und d a415296528cP 80.00 cLDD aO'Hara, Phillip Anthony 0aGrowth and development in the global political economybsocial structures of acccPhillip Anthony O'Hara aNew YorkbRoutledgec2006 axxi, 250p. bP 80.00